Cuadernos de Rusística
Na minha lista:
| Formato: | Periódico |
|---|---|
| Idioma: | idiomas múltiplos |
| Publicado em: |
Granada
Universidad de Granada
|
| Tags: |
Sem tags, seja o primeiro a adicionar uma tag!
|
MARC
| LEADER | 00000nls a2200000 4500 | ||
|---|---|---|---|
| 001 | 0314155 | ||
| 005 | 20260119104432.2 | ||
| 022 | |a 2340-8146 | ||
| 041 | 0 | |a mul | |
| 044 | |a ES | ||
| 245 | 1 | 0 | |a Cuadernos de Rusística |
| 264 | 1 | |a Granada |b Universidad de Granada | |